000
00292nam a2200109 a 4500
008
120712s2011|||| d
245
1
0
_a
Dvesto rokov svidnického regiónu v dátumoch
260
_b
Podduklianská knižnica
_a
Svidník
_c
2011
020
_c
3,30
041
_a
slo
044
_a
xo
_c
SK
999
_c
20185
_d
20185